000 00564nam a2200205Ii 4500
001 20834
003 CO-ViMGA
008 241108s9999||||xx |||||||||||||| ||und||
020 _a9789707371903
040 _aCO-ViMGA
_bspa
_erda
_cCO-ViMGA
041 0 _aspa
082 0 4 _a972.801 C33
245 1 0 _aEl Chilam Balam
264 1 _aBogotá, Colombia : Libros Hidalgo, 2012
300 _avolumen
336 _atext
_btxt
_2rdacontent
337 _aunmediated
_bn
_2rdamedia
338 _avolume
_bnc
_2rdacarrier
940 _aidficha_siabuc: 20488. -- ficha_no_siabuc:20834
999 _c49020
_d49020